Homērou Ilias. = Homeri Ilias, id est, de rebus ad Trojam gestis.

Bibliographic Details
Main Author: Homer
Format: eBook
Language:Latin
Published: Londini : Typis Gulielmi Redmayne, prostant apud B. Tooke; T. Varnam, & J. Osborn; & M. Atkins, 1713.
Series:Eighteenth century collections online.
Online Access:Full text online

MARC

Tag First Indicator Second Indicator Subfields
LEADER 00000cam a2200000 4500
001 in00001908262
006 m | d |
007 cr |n||||||||n
008 810811s1713 enk|||| s 00||||lat d
005 20260406215601.9
035 |a (CStRLIN)ESTCT127670 
040 |a Uk-ES  |c Uk-ES  |d CStRLIN  |d Thomson Gale  |d UtOrBLW 
100 0 |a Homer. 
245 1 0 |a Homērou Ilias. = Homeri Ilias, id est, de rebus ad Trojam gestis. 
264 1 |a Londini :  |b Typis Gulielmi Redmayne, prostant apud B. Tooke; T. Varnam, & J. Osborn; & M. Atkins,  |c 1713. 
300 |a 2 unnumbered pages, 733, 1 unnumbered page ;  |c 8⁰. 
336 |a text  |b txt  |2 rdacontent 
337 |a computer  |b c  |2 rdamedia 
338 |a online resource  |b cr  |2 rdacarrier 
500 |a Parallel Latin and Greek texts. 
500 |a The first two words transliterated from the Greek. 
500 |a Reproduction of original from the British Library. 
510 4 |a English Short Title Catalog,  |c ESTCT127670. 
533 |a Electronic reproduction.  |b Farmington Hills, Mich. :  |c Thomson Gale,  |d 2003.  |n Available via the World Wide Web.  |n Access limited by licensing agreements  |7 s2003 miunns 
500 |a Electronic resource. 
700 0 2 |a Homer.  |t Iliad. 
700 0 2 |a Homer.  |t Iliad.  |l Greek. 
830 0 |a Eighteenth century collections online. 
856 4 0 |u http://proxy.library.tamu.edu/login?url=https://galenet.galegroup.com/servlet/ECCO?c=1&stp=Author&ste=11&af=BN&ae=T127670&tiPG=1&dd=0&dc=flc&docNum=CW114883050&vrsn=1.0&srchtp=a&d4=0.33&n=10&SU=0LRK&locID=txshracd2898  |z Full text online  |t 0 
999 |a MARS 
999 f f |s 23a0014d-3644-3ac0-98d8-1ef355a5adbb  |i 174d200f-a4fc-3418-b86b-2e975d9430e3  |t 0 
952 f f |a Texas A&M University  |b College Station  |c Electronic Resources  |s www_evans  |d Available Online  |t 0  |h No information provided 
998 f f |t 0  |l Available Online